[Event "25th Hoogeveen op"]
[Site "Hoogeveen NED"]
[Date "2022.10.15"]
[Round "1.1"]
[White "Hovhannisyan, Robert"]
[Black "Boersma, Jan"]
[Result "1-0"]
[WhiteElo "2601"]
[BlackElo "1930"]
[EventDate "2022.10.15"]
[PlyCount "67"]

1.e4 c5 2.Nf3 g6 3.d4 cxd4 4.Qxd4 Nf6 5.Nc3 Nc6 6.Qa4 d6 7.e5 dxe5 8.Nxe5 
Bg7 9.Bb5 O-O 10.Nxc6 bxc6 11.Bxc6 Rb8 12.O-O Qc7 13.Re1 Ng4 14.Bf4 e5 15.
Nd5 Qd8 16.Bg3 h5 17.Qxa7 Be6 18.Rad1 Kh8 19.Ne7 Qb6 20.Qxb6 Rxb6 21.h3 
Nh6 22.Bxe5 Bxe5 23.Rxe5 Kg7 24.Rb5 Rxb5 25.Bxb5 Rb8 26.a4 Kf6 27.Nc6 Rc8 
28.a5 Nf5 29.a6 h4 30.Rd8 Ne7 31.Rxc8 Bxc8 32.Nxe7 Kxe7 33.a7 Bb7 34.Be2 
1-0

[Event "25th Hoogeveen op"]
[Site "Hoogeveen NED"]
[Date "2022.10.15"]
[Round "1.2"]
[White "Lootsma, Jan"]
[Black "Romanov, Evgeny"]
[Result "0-1"]
[WhiteElo "1928"]
[BlackElo "2593"]
[EventDate "2022.10.15"]
[PlyCount "52"]

1.e4 e5 2.Nf3 Nc6 3.Bc4 Nf6 4.Qe2 Be7 5.d4 d6 6.dxe5 dxe5 7.O-O Bg4 8.c3 
Qc8 9.b4 O-O 10.Rd1 Kh8 11.Nbd2 Nh5 12.Nf1 Nf4 13.Bxf4 exf4 14.h3 Bxf3 15.
gxf3 Qxh3 16.Nh2 Ne5 17.Rd5 Bd6 18.Kh1 Rae8 19.Qf1 Qh4 20.Be2 Re6 21.Rad1 
Rh6 22.Qg2 Rg6 23.Qf1 f5 24.c4 fxe4 25.c5 exf3 26.Rxe5 Rg2 0-1

[Event "25th Hoogeveen op"]
[Site "Hoogeveen NED"]
[Date "2022.10.15"]
[Round "1.3"]
[White "Moroni, Luca jr"]
[Black "Kumar, Sanjit S"]
[Result "1-0"]
[WhiteElo "2573"]
[BlackElo "1923"]
[EventDate "2022.10.15"]
[PlyCount "65"]

1.d4 d5 2.c4 c6 3.Nf3 Nf6 4.e3 e6 5.Nbd2 Bd6 6.b3 O-O 7.Bb2 b6 8.Bd3 Bb7 
9.O-O Nbd7 10.Qe2 Qe7 11.e4 dxe4 12.Nxe4 Nxe4 13.Qxe4 Nf6 14.Qh4 h6 15.
Rae1 Rfd8 16.Bb1 a5 17.a4 Bb4 18.Re2 b5 19.axb5 cxb5 20.d5 bxc4 21.bxc4 
Rac8 22.dxe6 Bxf3 23.gxf3 Rd2 24.exf7+ Qxf7 25.Rxd2 Bxd2 26.Rd1 Bg5 27.Qh3
Rb8 28.Be5 Re8 29.f4 Qxc4 30.fxg5 Qe2 31.Qb3+ Kh8 32.gxf6 Qxe5 33.f7 1-0

[Event "25th Hoogeveen op"]
[Site "Hoogeveen NED"]
[Date "2022.10.15"]
[Round "1.4"]
[White "Bloem, Mark"]
[Black "Ernst, Sipke"]
[Result "0-1"]
[WhiteElo "1917"]
[BlackElo "2532"]
[EventDate "2022.10.15"]
[PlyCount "44"]

1.e4 c5 2.Nf3 e6 3.d4 cxd4 4.Nxd4 Nc6 5.Be3 Nf6 6.Bd3 d5 7.f3 dxe4 8.Nxc6 
bxc6 9.fxe4 e5 10.Qe2 Bg4 11.Qd2 Be6 12.Nc3 Ng4 13.Rd1 Nxe3 14.Qxe3 Qb6 
15.Qxb6 axb6 16.Kf2 Bb4 17.Ra1 Bxc3 18.bxc3 Kd7 19.c4 Ra4 20.Rhb1 Kc7 21.
a3 Rha8 22.Rb2 Bxc4 0-1

[Event "25th Hoogeveen op"]
[Site "Hoogeveen NED"]
[Date "2022.10.15"]
[Round "1.5"]
[White "Beerdsen, Thomas"]
[Black "Ten Ham, John"]
[Result "1-0"]
[WhiteElo "2521"]
[BlackElo "1910"]
[EventDate "2022.10.15"]
[PlyCount "49"]

1.e4 c5 2.Nf3 d6 3.d4 cxd4 4.Nxd4 Nf6 5.Nc3 a6 6.h4 e5 7.Nb3 Be6 8.f4 exf4
9.Bxf4 Nc6 10.Qd2 Be7 11.O-O-O Ne5 12.h5 h6 13.Qe1 Nfg4 14.Qg3 Bg5 15.Be2 
Bxf4+ 16.Qxf4 O-O 17.Kb1 Rc8 18.Rh3 f5 19.Nd4 fxe4 20.Nxe6 Rxf4 21.Nxd8 
Rxd8 22.Rh4 Rdf8 23.Nd5 Nf2 24.Rxf4 Nxd1 25.Ne7+ 1-0

[Event "25th Hoogeveen op"]
[Site "Hoogeveen NED"]
[Date "2022.10.15"]
[Round "1.6"]
[White "Huo, Da"]
[Black "Bharath, Subramaniyam H"]
[Result "0-1"]
[WhiteElo "1909"]
[BlackElo "2495"]
[EventDate "2022.10.15"]
[PlyCount "54"]

1.e4 c5 2.Nf3 Nf6 3.Nc3 d6 4.d4 cxd4 5.Nxd4 a6 6.h3 e5 7.Nde2 h5 8.g3 b5 
9.Bg2 Bb7 10.O-O Nbd7 11.Nd5 Nxd5 12.exd5 Be7 13.a4 O-O 14.f4 h4 15.g4 Rc8
16.Bd2 Qc7 17.axb5 axb5 18.Kh2 Nf6 19.Bc3 Qc5 20.b4 Qc4 21.Ra7 Bxd5 22.
fxe5 Bxg2 23.Kxg2 Nd5 24.Rf3 dxe5 25.Bxe5 Qe4 26.Bd4 Rxc2 27.Kf2 Rxe2+ 0-1

[Event "25th Hoogeveen op"]
[Site "Hoogeveen NED"]
[Date "2022.10.15"]
[Round "1.7"]
[White "Zwirs, Nico"]
[Black "Aravindhan, Achyuth"]
[Result "1-0"]
[WhiteElo "2481"]
[BlackElo "1907"]
[EventDate "2022.10.15"]
[PlyCount "53"]

1.d4 Nf6 2.g3 c5 3.c3 g6 4.Bg2 Bg7 5.dxc5 Na6 6.e4 O-O 7.Be3 Qc7 8.b4 Rd8 
9.Na3 d5 10.Ne2 Nxe4 11.O-O Qd7 12.Qb3 Qe8 13.Rad1 Be6 14.Bd4 Bh6 15.Qb2 
Ng5 16.Be3 Qf8 17.Qc1 Nh3+ 18.Kh1 Bg7 19.Nd4 Bd7 20.f4 Bg4 21.Bf3 h5 22.
Rde1 Bxd4 23.Bxd4 f5 24.Qe3 Re8 25.Bxd5+ e6 26.Bxb7 Nc7 27.Qe5 1-0

[Event "25th Hoogeveen op"]
[Site "Hoogeveen NED"]
[Date "2022.10.15"]
[Round "1.8"]
[White "Van T Hoff, Tom"]
[Black "Fernandez, Daniel Howard"]
[Result "0-1"]
[WhiteElo "1905"]
[BlackElo "2476"]
[EventDate "2022.10.15"]
[PlyCount "74"]

1.b4 d5 2.Bb2 Bg4 3.Nf3 Bxf3 4.exf3 e6 5.Be2 Nf6 6.a3 g6 7.O-O Bg7 8.d4 
Nbd7 9.Nd2 a5 10.bxa5 Rxa5 11.Bc3 Ra7 12.Bb4 Bf8 13.Nb3 Bd6 14.Re1 Qe7 15.
Bxd6 Qxd6 16.c4 dxc4 17.Bxc4 O-O 18.Qc1 Nb6 19.Nc5 Nxc4 20.Qxc4 Rd8 21.Ne4
Nxe4 22.fxe4 c6 23.Qb3 Qxd4 24.Rad1 Qf6 25.Qb6 Rxd1 26.Rxd1 Rxa3 27.Qxb7 
Ra1 28.Qd7 c5 29.g3 Kg7 30.f4 Rxd1+ 31.Qxd1 Qd4+ 32.Qxd4+ cxd4 33.e5 g5 
34.Kf2 gxf4 35.gxf4 Kg6 36.Kf3 Kf5 37.h4 h5 0-1

[Event "25th Hoogeveen op"]
[Site "Hoogeveen NED"]
[Date "2022.10.15"]
[Round "1.9"]
[White "De Winter, Arthur"]
[Black "Hanna-Matrr, David"]
[Result "1-0"]
[WhiteElo "2390"]
[BlackElo "1904"]
[EventDate "2022.10.15"]
[PlyCount "39"]

1.e4 d6 2.d4 Nf6 3.Nc3 g6 4.Be3 c6 5.Qd2 b5 6.Bd3 Nbd7 7.h3 a5 8.f4 b4 9.
Nce2 e5 10.Nf3 Qc7 11.fxe5 dxe5 12.dxe5 Nxe5 13.Nxe5 Qxe5 14.Bd4 Qe7 15.
O-O Bg7 16.Qe3 Bb7 17.Qf2 Nh5 18.Bc5 Qf6 19.g4 Qxf2+ 20.Rxf2 1-0

[Event "25th Hoogeveen op"]
[Site "Hoogeveen NED"]
[Date "2022.10.15"]
[Round "1.10"]
[White "Van der Vegt, Seth"]
[Black "Kulkarni, Bhakti"]
[Result "1/2-1/2"]
[WhiteElo "1900"]
[BlackElo "2376"]
[EventDate "2022.10.15"]
[PlyCount "98"]

1.c4 d6 2.g3 e5 3.Bg2 Nf6 4.Nc3 g6 5.e4 Bg7 6.Nge2 h5 7.h4 c5 8.a3 Nc6 9.
Rb1 O-O 10.O-O Bg4 11.f3 Bd7 12.b4 Qc8 13.d3 cxb4 14.axb4 Nxb4 15.Ba3 a5 
16.Kh2 Bh6 17.Bxb4 axb4 18.Rxb4 Be3 19.Nb5 Ra2 20.Nbc3 Rd2 21.Qb1 b6 22.
Rb2 Rxb2 23.Qxb2 Qc5 24.Nd1 Bh6 25.Ndc3 Ra8 26.Rb1 Ra6 27.Ra1 Rxa1 28.Qxa1
Qe3 29.Qd1 g5 30.hxg5 Bxg5 31.Qg1 Qxd3 32.Qxb6 Bd2 33.Qd8+ Kg7 34.Nd5 Nxd5
35.cxd5 Ba4 36.Qxd6 Qxe2 37.Qxe5+ Kg8 38.Qxh5 Bd7 39.Qh4 Kg7 40.Qe7 Qb5 
41.f4 Bb4 42.Qg5+ Kf8 43.e5 Qd3 44.Qh6+ Kg8 45.e6 fxe6 46.dxe6 Be8 47.Qg5+
Qg6 48.Qxg6+ Bxg6 49.g4 Bd6 1/2-1/2

[Event "25th Hoogeveen op"]
[Site "Hoogeveen NED"]
[Date "2022.10.15"]
[Round "1.11"]
[White "Maatman, Nick"]
[Black "Wolters, Vincent"]
[Result "1-0"]
[WhiteElo "2341"]
[BlackElo "1882"]
[EventDate "2022.10.15"]
[PlyCount "75"]

1.d4 Nf6 2.Nf3 d5 3.c4 c6 4.Nbd2 Bf5 5.Nh4 Bg6 6.Qb3 Qc7 7.Nxg6 hxg6 8.g3 
Nbd7 9.Bg2 e6 10.O-O Qb6 11.c5 Qxb3 12.axb3 Be7 13.b4 O-O 14.Nb3 Bd8 15.
Bf4 Ne8 16.f3 Bc7 17.Bg5 Nef6 18.e4 a6 19.e5 Nh7 20.Be7 Rfe8 21.Bd6 Bxd6 
22.cxd6 Nhf8 23.f4 Nb6 24.Na5 Rab8 25.Rfc1 Rec8 26.Bf1 Nfd7 27.Bd3 Kh7 28.
h4 f5 29.Kf2 Kg8 30.Rh1 Kf7 31.h5 Nf8 32.g4 fxg4 33.hxg6+ Nxg6 34.Kg3 Rg8 
35.f5 Nf8 36.Raf1 Ke8 37.fxe6 Nxe6 38.Bg6+ 1-0

[Event "25th Hoogeveen op"]
[Site "Hoogeveen NED"]
[Date "2022.10.15"]
[Round "1.12"]
[White "Van de Poel, Taco"]
[Black "Ashwath, R."]
[Result "0-1"]
[WhiteElo "1881"]
[BlackElo "2340"]
[EventDate "2022.10.15"]
[PlyCount "64"]

1.e4 e5 2.d4 exd4 3.Nf3 Nc6 4.c3 d3 5.Bxd3 Bc5 6.b4 Bb6 7.a4 a6 8.Na3 d6 
9.Nc4 Ba7 10.Be3 Bxe3 11.Nxe3 Nf6 12.O-O O-O 13.Nd4 Bd7 14.f4 Qb8 15.Nef5 
Re8 16.Qf3 g6 17.b5 axb5 18.axb5 Rxa1 19.Rxa1 Nxd4 20.Nxd4 c5 21.bxc6 bxc6
22.f5 Qb2 23.Rf1 Qxc3 24.Ne2 Qc5+ 25.Kh1 g5 26.Ng3 Qd4 27.Bb1 Kh8 28.h3 d5
29.Rd1 Qe5 30.exd5 cxd5 31.Nh5 Ne4 32.f6 g4 0-1

[Event "25th Hoogeveen op"]
[Site "Hoogeveen NED"]
[Date "2022.10.15"]
[Round "1.13"]
[White "Elgersma, Onno"]
[Black "Nijdam, Brian"]
[Result "1-0"]
[WhiteElo "2309"]
[BlackElo "1877"]
[EventDate "2022.10.15"]
[PlyCount "55"]

1.e4 e5 2.Nf3 Nf6 3.Nc3 Nc6 4.Bb5 Nd4 5.Nxd4 exd4 6.e5 dxc3 7.exf6 Qxf6 8.
dxc3 Bc5 9.O-O O-O 10.Qh5 Bb6 11.a4 a6 12.Bd3 g6 13.Qh6 d6 14.Bg5 Qg7 15.
Qh4 Re8 16.Bf6 Qf8 17.a5 Ba7 18.Kh1 Bd7 19.f4 h6 20.f5 g5 21.Qh5 Bc6 22.
Bc4 d5 23.Bd3 Re3 24.Bxg5 hxg5 25.f6 Rxd3 26.cxd3 Bd7 27.Qxg5+ Kh7 28.Rf4 
1-0

[Event "25th Hoogeveen op"]
[Site "Hoogeveen NED"]
[Date "2022.10.15"]
[Round "1.14"]
[White "Wage, Sander"]
[Black "De Boer, Eelke"]
[Result "0-1"]
[WhiteElo "1863"]
[BlackElo "2295"]
[EventDate "2022.10.15"]
[PlyCount "90"]

1.d4 e6 2.Bf4 Nf6 3.e3 Be7 4.Nd2 b6 5.Ngf3 Bb7 6.Bd3 Nh5 7.O-O d6 8.h3 
Nxf4 9.exf4 Nd7 10.Re1 O-O 11.Qe2 Re8 12.Ne4 d5 13.Ng3 c5 14.c3 Nf8 15.Bb5
Nd7 16.Ne5 Nxe5 17.Bxe8 Ng6 18.Bb5 Nxf4 19.Qf3 Bd6 20.Nh5 Ng6 21.Bd3 Rc8 
22.Bxg6 hxg6 23.Ng3 Qh4 24.Ne2 Ba6 25.Red1 Qg5 26.Ng3 Bb5 27.a4 Bc4 28.
dxc5 bxc5 29.Nf1 Bb3 30.Re1 e5 31.Qg4 Qxg4 32.hxg4 f5 33.gxf5 gxf5 34.Nd2 
Bc2 35.Rac1 Bd3 36.b4 cxb4 37.cxb4 Rb8 38.Re3 e4 39.Rxd3 exd3 40.Rc3 Rxb4 
41.Rxd3 d4 42.g3 Rxa4 43.Nb3 Be5 44.f4 Bf6 45.Nc5 Rc4 0-1

[Event "25th Hoogeveen op"]
[Site "Hoogeveen NED"]
[Date "2022.10.15"]
[Round "1.15"]
[White "Holinka, Henning"]
[Black "Pouw, Marcel"]
[Result "1-0"]
[WhiteElo "2245"]
[BlackElo "1862"]
[EventDate "2022.10.15"]
[PlyCount "73"]

1.e4 e5 2.Nf3 Nc6 3.Bc4 Nf6 4.d3 Be7 5.O-O d6 6.a4 O-O 7.Re1 Be6 8.Nc3 Qd7
9.Ba2 Rfe8 10.d4 Bxa2 11.Rxa2 exd4 12.Nxd4 Nxd4 13.Qxd4 Qe6 14.b3 Bd8 15.
a5 c6 16.Bb2 Bc7 17.Re3 Qe5 18.Qd3 d5 19.g3 d4 20.f4 Qc5 21.Na4 Qxa5 22.
Bxd4 Rad8 23.Nc3 Qh5 24.Rxa7 Bb6 25.Bxb6 Rxd3 26.cxd3 g5 27.Ra5 h6 28.d4 
Kh7 29.fxg5 Ng4 30.Re2 Re6 31.h4 Rg6 32.Bd8 f6 33.gxf6 Ne5 34.Rg2 Nf3+ 35.
Kf2 Qg4 36.f7 Kg7 37.Rf5 1-0

[Event "25th Hoogeveen op"]
[Site "Hoogeveen NED"]
[Date "2022.10.15"]
[Round "1.16"]
[White "Zecha, Oscar"]
[Black "Van den Berg, Bram"]
[Result "1/2-1/2"]
[WhiteElo "1854"]
[BlackElo "2190"]
[EventDate "2022.10.15"]
[PlyCount "98"]

1.e4 d5 2.exd5 Nf6 3.Nf3 Bg4 4.Bb5+ Nbd7 5.Nc3 a6 6.Be2 b5 7.h3 Bxf3 8.
Bxf3 b4 9.Na4 Ne5 10.Be2 Nxd5 11.d4 Ng6 12.Nc5 e6 13.Bxa6 Bxc5 14.Bb5+ Ke7
15.dxc5 Ra5 16.Be2 Rxc5 17.g3 Qd6 18.O-O Ra8 19.a3 bxa3 20.c4 Nb4 21.Bf3 
Ra6 22.Qb3 Nc6 23.Be3 Nd4 24.Bxd4 Qxd4 25.Rfd1 Qxc4 26.Qxc4 Rxc4 27.Be2 
axb2 28.Rab1 Rac6 29.Bxc4 Rxc4 30.Rxb2 Ne5 31.Kg2 Nd7 32.Rdd2 Ra4 33.Rb7 
Rc4 34.Rbb2 Nb6 35.Rbc2 Rxc2 36.Rxc2 Nd5 37.Kf3 Kd6 38.Ke4 f5+ 39.Kd4 g5 
40.Ra2 h5 41.Ra6+ c6 42.Ra7 Nc7 43.Rb7 g4 44.h4 e5+ 45.Kc4 f4 46.Rb8 Nd5 
47.Kd3 Nf6 48.Rf8 Ke6 49.Rc8 Kd7 1/2-1/2

[Event "25th Hoogeveen op"]
[Site "Hoogeveen NED"]
[Date "2022.10.15"]
[Round "1.17"]
[White "Mueer, Sebastian"]
[Black "Vasse, Albert"]
[Result "1-0"]
[WhiteElo "2177"]
[BlackElo "1844"]
[EventDate "2022.10.15"]
[PlyCount "92"]

1.d4 d5 2.Bf4 Nf6 3.e3 Bf5 4.c4 e6 5.Nc3 Bd6 6.Nf3 O-O 7.Rc1 c6 8.Ne5 Ne4 
9.Qb3 Qe7 10.c5 Bxe5 11.Bxe5 f6 12.Nxe4 fxe5 13.Nd6 exd4 14.exd4 b5 15.Bd3
Bxd3 16.Qxd3 e5 17.O-O e4 18.Qe3 Nd7 19.f3 Nf6 20.Rce1 Ne8 21.fxe4 Nxd6 
22.cxd6 Rxf1+ 23.Kxf1 Rf8+ 24.Kg1 Qxd6 25.e5 Qe6 26.g3 a5 27.Kg2 g6 28.h4 
Kg7 29.Re2 Rf7 30.Rc2 h6 31.b3 Rf8 32.a3 Rf7 33.b4 axb4 34.axb4 Rf8 35.Rf2
Rxf2+ 36.Qxf2 Qe7 37.Qf4 Qf7 38.Kf3 Qe6 39.g4 Qe7 40.g5 hxg5 41.hxg5 Qf7 
42.Qf6+ Kg8 43.e6 Qa7 44.Qxg6+ Kh8 45.Qe8+ Kg7 46.Qd7+ Kg8 1-0

[Event "25th Hoogeveen op"]
[Site "Hoogeveen NED"]
[Date "2022.10.15"]
[Round "1.18"]
[White "Niemeijer, Leon"]
[Black "Duchene, Rene"]
[Result "0-1"]
[WhiteElo "1841"]
[BlackElo "2170"]
[EventDate "2022.10.15"]
[PlyCount "76"]

1.d4 d5 2.c4 e6 3.Nf3 c5 4.cxd5 exd5 5.g3 Nc6 6.Bg2 Nf6 7.Nc3 Be7 8.O-O 
O-O 9.dxc5 Bxc5 10.Bg5 d4 11.Bxf6 Qxf6 12.Ne4 Qe7 13.Nxc5 Qxc5 14.Rc1 Qb6 
15.Qd2 Bf5 16.b3 Rfe8 17.Qf4 Bg6 18.Rfe1 Re4 19.Qd2 Re7 20.Rc4 Rd8 21.Rd1 
d3 22.e3 Be4 23.Ne1 Bxg2 24.Kxg2 Ne5 25.Rc3 Qg6 26.Qc1 h5 27.Nxd3 Qe4+ 28.
Kf1 Qh1+ 29.Ke2 Qf3+ 30.Ke1 Red7 31.Qc2 Qh1+ 32.Ke2 Qxh2 33.Rc8 Ng4 34.
Rxd8+ Rxd8 35.Rf1 Re8 36.Kf3 Nxe3 37.Qe2 Qg2+ 38.Kf4 Nd5+ 0-1

[Event "25th Hoogeveen op"]
[Site "Hoogeveen NED"]
[Date "2022.10.15"]
[Round "1.19"]
[White "Cornelisse, John"]
[Black "Hartgers, Leendert"]
[Result "1-0"]
[WhiteElo "2160"]
[BlackElo "1840"]
[EventDate "2022.10.15"]
[PlyCount "57"]

1.Nf3 Nf6 2.c4 e6 3.g3 d5 4.Bg2 Be7 5.O-O O-O 6.b3 c5 7.Bb2 Nc6 8.e3 b6 9.
Nc3 Bb7 10.Qe2 Qc7 11.cxd5 exd5 12.d4 Rfe8 13.Rfd1 Rad8 14.Rac1 Qb8 15.
dxc5 Bxc5 16.Na4 Be7 17.Nd4 Nxd4 18.Bxd4 Rc8 19.Nc3 Ne4 20.Nxe4 dxe4 21.
Qg4 Bf8 22.h4 Rxc1 23.Rxc1 Qd6 24.Bh3 Bc6 25.h5 Rd8 26.Qg5 f6 27.Bxf6 Qxf6
28.Qxf6 gxf6 29.Rxc6 1-0

[Event "25th Hoogeveen op"]
[Site "Hoogeveen NED"]
[Date "2022.10.15"]
[Round "1.20"]
[White "Abma, Klaas"]
[Black "Janse, Jan Jaap"]
[Result "0-1"]
[WhiteElo "1835"]
[BlackElo "2159"]
[EventDate "2022.10.15"]
[PlyCount "66"]

1.d4 d5 2.Nf3 Bf5 3.Bf4 c5 4.c4 e6 5.Bxb8 Rxb8 6.Qa4+ b5 7.cxb5 Qb6 8.e3 
Bxb1 9.Rxb1 c4 10.Be2 Qxb5 11.Qxb5+ Rxb5 12.O-O Ra5 13.a3 Nf6 14.b3 cxb3 
15.Rxb3 Bd6 16.Bb5+ Ke7 17.Ne5 Bxe5 18.dxe5 Ng4 19.f4 Rb8 20.a4 a6 21.Bc4 
Rxb3 22.Bxb3 Rc5 23.e4 dxe4 24.Re1 f5 25.exf6+ Nxf6 26.h3 Rc3 27.Bd1 Nd5 
28.Be2 a5 29.Bg4 Rc4 30.Rb1 Rxa4 31.Rb7+ Kf6 32.Bh5 Nxf4 33.Rf7+ Ke5 0-1

[Event "25th Hoogeveen op"]
[Site "Hoogeveen NED"]
[Date "2022.10.15"]
[Round "1.21"]
[White "Mellema, Andries"]
[Black "Godding, Mick"]
[Result "1-0"]
[WhiteElo "2155"]
[BlackElo "1831"]
[EventDate "2022.10.15"]
[PlyCount "39"]

1.e4 d5 2.exd5 Nf6 3.d4 Nxd5 4.c4 Nb4 5.a3 N4c6 6.d5 Ne5 7.Nc3 c6 8.Nf3 
Bg4 9.Be2 Bxf3 10.Bxf3 Nxc4 11.Qb3 Nb6 12.Bf4 Qc8 13.O-O N8d7 14.Rac1 Nc5 
15.Qd1 Qf5 16.Be3 e5 17.b4 Ncd7 18.dxc6 bxc6 19.Bxb6 axb6 20.Bg4 1-0

[Event "25th Hoogeveen op"]
[Site "Hoogeveen NED"]
[Date "2022.10.15"]
[Round "1.22"]
[White "Land, Marc"]
[Black "Heemskerk, Wim"]
[Result "0-1"]
[WhiteElo "1826"]
[BlackElo "2142"]
[EventDate "2022.10.15"]
[PlyCount "62"]

1.e4 c5 2.Nf3 Nc6 3.g3 g6 4.Bg2 Bg7 5.O-O Rb8 6.d3 d6 7.h3 b5 8.Nbd2 e6 9.
Re1 Nge7 10.Nf1 O-O 11.c3 b4 12.Bd2 Ba6 13.Qc2 bxc3 14.bxc3 Qa5 15.Rac1 
Qa3 16.Rb1 Bb5 17.Ne3 Qa6 18.Bf1 Ba4 19.Qc1 Rxb1 20.Qxb1 Rb8 21.Qc1 d5 22.
exd5 exd5 23.d4 Bb5 24.dxc5 Bxf1 25.Rxf1 Qxa2 26.Nc2 Qc4 27.Nb4 a5 28.Nxc6
Nxc6 29.Qa3 Rb3 30.Re1 Rxa3 31.Re8+ Bf8 0-1

[Event "25th Hoogeveen op"]
[Site "Hoogeveen NED"]
[Date "2022.10.15"]
[Round "1.23"]
[White "Vogel, Jaap"]
[Black "Valiente, Paulo"]
[Result "1/2-1/2"]
[WhiteElo "2124"]
[BlackElo "1819"]
[EventDate "2022.10.15"]
[PlyCount "83"]

1.d4 Nf6 2.Nf3 g6 3.g3 Bg7 4.Bg2 O-O 5.O-O d6 6.c4 c5 7.Nc3 Nbd7 8.b3 a6 
9.Bb2 Rb8 10.a4 b6 11.Qc2 Bb7 12.d5 Bc8 13.e4 Ne8 14.h4 Nc7 15.h5 b5 16.
axb5 axb5 17.hxg6 hxg6 18.Nd1 bxc4 19.bxc4 Bxb2 20.Nxb2 Na6 21.Rfb1 Nb4 
22.Qc3 Qc7 23.Nd1 Bb7 24.Bh3 Ra8 25.Ne3 Nf6 26.Ng5 Rxa1 27.Rxa1 Ra8 28.
Rxa8+ Bxa8 29.Ng4 Nxg4 30.Bxg4 f6 31.Be6+ Kg7 32.Nf7 Qa5 33.Kg2 Qa2 34.Qe3
g5 35.Nxg5 Nc2 36.Qc1 Qxc4 37.Bf5 Qe2 38.Nf3 Bb7 39.Qf4 Ba6 40.Nh2 Ne1+ 
41.Kg1 Qd1 42.Bg4 1/2-1/2

[Event "25th Hoogeveen op"]
[Site "Hoogeveen NED"]
[Date "2022.10.15"]
[Round "1.24"]
[White "Selten, Ton"]
[Black "Shakhverdian, William"]
[Result "0-1"]
[WhiteElo "1809"]
[BlackElo "2123"]
[EventDate "2022.10.15"]
[PlyCount "58"]

1.Nf3 d5 2.g3 g6 3.Bg2 Bg7 4.O-O e5 5.d3 Ne7 6.Nbd2 O-O 7.e4 c5 8.Re1 Nbc6
9.h3 h6 10.c3 Be6 11.Qe2 d4 12.Nh2 dxc3 13.bxc3 Qd7 14.Qf1 Rad8 15.Re3 f5 
16.f4 exf4 17.gxf4 Bxc3 18.Rb1 Bd4 19.Nc4 Bxe3+ 20.Bxe3 Qxd3 21.Qxd3 Rd5 
22.Bxc5 Rxd3 23.Rxb7 Bxc4 24.Kf2 Rd1 25.Rc7 Rf7 26.Bxe7 fxe4 27.Kg3 e3 28.
Nf3 e2 29.Kf2 Bd5 0-1

[Event "25th Hoogeveen op"]
[Site "Hoogeveen NED"]
[Date "2022.10.15"]
[Round "1.25"]
[White "Konings, Frans"]
[Black "Uneken, Bert"]
[Result "1-0"]
[WhiteElo "2122"]
[BlackElo "1803"]
[EventDate "2022.10.15"]
[PlyCount "41"]

1.e4 c6 2.d4 d5 3.Nc3 dxe4 4.Nxe4 Bf5 5.Ng3 Bg6 6.Bc4 e6 7.Nh3 Bd6 8.O-O 
Qc7 9.f4 Ne7 10.f5 Bxf5 11.Nxf5 Bxh2+ 12.Kh1 Nxf5 13.Rxf5 exf5 14.Ng5 O-O 
15.Qh5 h6 16.Nxf7 Rxf7 17.Bxh6 gxh6 18.Qg6+ Kf8 19.Qxh6+ Kg8 20.Re1 Nd7 
21.Re7 1-0

[Event "25th Hoogeveen op"]
[Site "Hoogeveen NED"]
[Date "2022.10.15"]
[Round "1.26"]
[White "Spaans, Leo"]
[Black "Hummel, Paul"]
[Result "0-1"]
[WhiteElo "1791"]
[BlackElo "2120"]
[EventDate "2022.10.15"]
[PlyCount "36"]

1.e4 g6 2.d4 Bg7 3.Nc3 d6 4.f4 e6 5.Nf3 Ne7 6.Bd3 O-O 7.O-O c5 8.e5 cxd4 
9.exd6 Qxd6 10.Ne4 Qb6 11.Ne5 Nbc6 12.Qf3 f5 13.Nd6 Nxe5 14.fxe5 Nc6 15.
Nc4 Qc5 16.Qg3 b5 17.Nd6 Bxe5 18.Bf4 Qxd6 0-1

[Event "25th Hoogeveen op"]
[Site "Hoogeveen NED"]
[Date "2022.10.15"]
[Round "1.27"]
[White "Arabi, Osama"]
[Black "Kompaan, Rick"]
[Result "1-0"]
[WhiteElo "2117"]
[BlackElo "1785"]
[EventDate "2022.10.15"]
[PlyCount "107"]

1.d4 d5 2.c4 c6 3.Nc3 Nf6 4.e3 e6 5.Nf3 Nbd7 6.Qc2 Be7 7.Bd3 O-O 8.O-O b6 
9.Rd1 Bb7 10.b3 Rc8 11.Bb2 Qc7 12.Rac1 Qb8 13.Qe2 Rfd8 14.e4 dxe4 15.Nxe4 
Nxe4 16.Qxe4 Nf6 17.Qh4 h6 18.c5 Rd5 19.b4 Rh5 20.Qg3 Qxg3 21.hxg3 Nd5 22.
g4 Rg5 23.Nxg5 Bxg5 24.Rb1 Nxb4 25.Be4 b5 26.a3 Nd5 27.Bxd5 cxd5 28.Bc3 
Bc6 29.g3 Bd8 30.Kf1 a5 31.Ke2 Bc7 32.Bd2 f6 33.f4 Kf7 34.Rb3 b4 35.Rdb1 
Bb5+ 36.Kf3 Bc4 37.Re3 b3 38.Rexb3 Bxb3 39.Rxb3 e5 40.Rb7 e4+ 41.Ke2 Kg6 
42.Ra7 Kh7 43.a4 Kg6 44.Bxa5 Bxa5 45.Rxa5 Rb8 46.Rb5 Ra8 47.c6 Rc8 48.Rc5 
Kf7 49.a5 Ke7 50.a6 Ra8 51.Rxd5 Ke6 52.Rd7 f5 53.d5+ Kf6 54.c7 1-0

[Event "25th Hoogeveen op"]
[Site "Hoogeveen NED"]
[Date "2022.10.15"]
[Round "1.28"]
[White "Snuverink, Marc"]
[Black "Slagboom, Leandro"]
[Result "0-1"]
[WhiteElo "1776"]
[BlackElo "2117"]
[EventDate "2022.10.15"]
[PlyCount "58"]

1.f4 d5 2.c4 d4 3.e3 Nc6 4.Nf3 e5 5.fxe5 Bc5 6.Bd3 Bg4 7.O-O Nxe5 8.Be4 
Nf6 9.Qa4+ Bd7 10.Qc2 Bc6 11.Nxe5 Bxe4 12.Qa4+ c6 13.b4 Bd6 14.Nxf7 Kxf7 
15.exd4 Qc7 16.Qb3 Bxh2+ 17.Kh1 Qg3 18.Qxg3 Bxg3 19.Nc3 Rhe8 20.Bb2 Kg8 
21.d3 Bg6 22.Rf3 Bd6 23.c5 Bc7 24.b5 Rad8 25.bxc6 bxc6 26.d5 Nxd5 27.Ne4 
Bxe4 28.dxe4 Rxe4 29.Raf1 Be5 0-1

[Event "25th Hoogeveen op"]
[Site "Hoogeveen NED"]
[Date "2022.10.15"]
[Round "1.29"]
[White "Kotyk, Michael"]
[Black "Storkebaum, Ulrike"]
[Result "1-0"]
[WhiteElo "2105"]
[BlackElo "1768"]
[EventDate "2022.10.15"]
[PlyCount "73"]

1.d4 Nf6 2.c4 g6 3.Nc3 Bg7 4.e4 d6 5.h3 O-O 6.Be3 e5 7.d5 a5 8.g4 Na6 9.
Nge2 Nc5 10.Ng3 b6 11.Be2 a4 12.f3 Bd7 13.h4 Ne8 14.Qd2 f6 15.h5 g5 16.h6 
Bh8 17.Kf2 Rf7 18.Qc2 a3 19.b4 Na4 20.Rab1 Qc8 21.Rb3 Nb2 22.Bc1 Ba4 23.
Nxa4 Rxa4 24.Bxb2 axb2 25.Qxb2 c6 26.dxc6 Qxc6 27.Nf5 Rfa7 28.a3 Kf8 29.
Rd1 Rd7 30.Rbd3 Ra8 31.Qc3 Rad8 32.Kg2 Nc7 33.b5 Qc5 34.Qb4 Qxb4 35.axb4 
Ne6 36.Rxd6 Nf4+ 37.Kf2 1-0

[Event "25th Hoogeveen op"]
[Site "Hoogeveen NED"]
[Date "2022.10.15"]
[Round "1.30"]
[White "Cuyvers, Jens"]
[Black "Dehn, Marcus"]
[Result "0-1"]
[WhiteElo "1765"]
[BlackElo "2098"]
[EventDate "2022.10.15"]
[PlyCount "106"]

1.d4 d6 2.c4 e5 3.Nf3 Nc6 4.Nc3 Bg4 5.d5 Nce7 6.h3 Bd7 7.e4 Ng6 8.Be3 Be7 
9.Qd2 h6 10.Be2 Nh4 11.Nxh4 Bxh4 12.O-O Bg5 13.f4 Bf6 14.fxe5 Bxe5 15.Rf2 
Qh4 16.Rf3 Nf6 17.Bf4 Bxf4 18.Rxf4 Qg5 19.Kh1 O-O 20.Raf1 Rae8 21.Qe1 a6 
22.a4 a5 23.Qf2 b6 24.b3 Re5 25.Qf3 Qg6 26.g4 h5 27.Rg1 hxg4 28.hxg4 Rfe8 
29.Bd3 Rg5 30.Be2 Ree5 31.Rg2 Kf8 32.Kg1 Nxg4 33.Kf1 Nf6 34.Rxg5 Rxg5 35.
Kf2 Ng4+ 36.Ke1 Ne5 37.Qf2 Rg2 38.Qe3 Qg3+ 39.Qxg3 Rxg3 40.Kd2 Rg2 41.Nb5 
Bxb5 42.cxb5 Nd7 43.Rf3 Ke7 44.Re3 Kf6 45.Rf3+ Kg6 46.Re3 Kg5 47.Kc3 Kh4 
48.b4 Rg3 49.Rxg3 Kxg3 50.bxa5 bxa5 51.Kd4 Kf4 52.Bd1 f6 53.Bc2 g5 0-1

[Event "25th Hoogeveen op"]
[Site "Hoogeveen NED"]
[Date "2022.10.15"]
[Round "1.31"]
[White "Asatryan, Sona"]
[Black "Avis, Fred"]
[Result "1-0"]
[WhiteElo "2088"]
[BlackElo "1759"]
[EventDate "2022.10.15"]
[PlyCount "127"]

1.e4 e5 2.Nf3 Nc6 3.Bb5 a6 4.Ba4 Nf6 5.d3 b5 6.Bb3 Be7 7.O-O d6 8.c3 O-O 
9.h3 Na5 10.Bc2 c5 11.a4 Rb8 12.d4 Qc7 13.dxe5 dxe5 14.axb5 axb5 15.Nxe5 
b4 16.Bf4 Bd6 17.Rxa5 Bxe5 18.Bxe5 Qxe5 19.f4 Qc7 20.Ra1 b3 21.Bd3 c4 22.
e5 Qc5+ 23.Rf2 Nd5 24.Bf1 Nxf4 25.Qd4 Ne6 26.Qxc5 Nxc5 27.Bxc4 Ne4 28.Rf4 
Ng5 29.Nd2 Bxh3 30.Ra3 Be6 31.Rxb3 Rxb3 32.Bxb3 Bxb3 33.Nxb3 Re8 34.Rb4 h5
35.Rb5 h4 36.Nd4 Ne4 37.Nf3 g5 38.Rb4 Nc5 39.Rg4 Nd3 40.Rxg5+ Kh7 41.b3 
Rc8 42.c4 Rb8 43.e6 fxe6 44.Rb5 Ra8 45.Nxh4 Kh6 46.Nf3 Ra1+ 47.Kh2 Ra2 48.
Kg3 Kg7 49.Nd4 Kf7 50.Rb7+ Kf6 51.Rb6 Nc5 52.b4 Ra3+ 53.Kh2 Nd3 54.Rxe6+ 
Kg5 55.b5 Nf4 56.Re5+ Kg4 57.Nf3 Nd3 58.Re3 Kf4 59.Re6 Kf5 60.Nd4+ Kf4 61.
b6 Ra2 62.Re2 Ra8 63.Ne6+ Kg4 64.c5 1-0

[Event "25th Hoogeveen op"]
[Site "Hoogeveen NED"]
[Date "2022.10.15"]
[Round "1.32"]
[White "Koes, Richard"]
[Black "Clemens, Adrian"]
[Result "1-0"]
[WhiteElo "1755"]
[BlackElo "2082"]
[EventDate "2022.10.15"]
[PlyCount "57"]

1.e4 c5 2.Nf3 d6 3.b4 b6 4.bxc5 bxc5 5.Nc3 Nf6 6.Bc4 e6 7.e5 dxe5 8.Nxe5 
Bd6 9.Qf3 Bxe5 10.Qxa8 Qc7 11.Bb5+ Ke7 12.Qf3 Rd8 13.Be2 Nc6 14.Nb5 Qb6 
15.c3 Bb7 16.Qh3 a6 17.Na3 Na5 18.Rb1 Qc7 19.O-O Be4 20.d3 Bf5 21.g4 Bg6 
22.f4 Bxc3 23.f5 Bd4+ 24.Be3 Qe5 25.Bxd4 Qxd4+ 26.Kh1 Qc3 27.fxg6 hxg6 28.
Qf3 Ke8 29.Kg1 1-0